<?xml version="1.0" encoding="UTF-8"?>
<record
    xmlns:xsi="http://www.w3.org/2001/XMLSchema-instance"
    xsi:schemaLocation="http://www.loc.gov/MARC21/slim http://www.loc.gov/standards/marcxml/schema/MARC21slim.xsd"
    xmlns="http://www.loc.gov/MARC21/slim">

  <leader>02566nam a2200313 a 4500</leader>
  <controlfield tag="001">001595554</controlfield>
  <controlfield tag="003">AR-BeUNQ</controlfield>
  <controlfield tag="005">20240624205305.0</controlfield>
  <controlfield tag="007">ta</controlfield>
  <controlfield tag="008">240624s2023    ag     gr     001 0 spa  </controlfield>
  <datafield tag="015" ind1=" " ind2=" ">
    <subfield code="a">AR-2023</subfield>
  </datafield>
  <datafield tag="020" ind1=" " ind2=" ">
    <subfield code="a">9789501204070</subfield>
  </datafield>
  <datafield tag="040" ind1=" " ind2=" ">
    <subfield code="a">AR-BaBN</subfield>
    <subfield code="b">spa</subfield>
    <subfield code="c">AR-BaBN</subfield>
    <subfield code="e">aacr</subfield>
    <subfield code="d">AR-BeUNQ</subfield>
  </datafield>
  <datafield tag="044" ind1=" " ind2=" ">
    <subfield code="a">ag</subfield>
    <subfield code="c">ar-c</subfield>
  </datafield>
  <datafield tag="082" ind1="0" ind2="4">
    <subfield code="a">177.7</subfield>
    <subfield code="2">21</subfield>
  </datafield>
  <datafield tag="100" ind1="1" ind2=" ">
    <subfield code="a">Sztajnszrajber, Dar&#xED;o,</subfield>
    <subfield code="d">1968-</subfield>
  </datafield>
  <datafield tag="245" ind1="1" ind2="3">
    <subfield code="a">El amor es imposible :</subfield>
    <subfield code="b">ocho tesis filos&#xF3;ficas /</subfield>
    <subfield code="c">Dar&#xED;o Sztajnszrajber.</subfield>
  </datafield>
  <datafield tag="250" ind1=" " ind2=" ">
    <subfield code="a">1a ed.</subfield>
  </datafield>
  <datafield tag="260" ind1=" " ind2=" ">
    <subfield code="a">C.A.B.A. :</subfield>
    <subfield code="b">Paid&#xF3;s,</subfield>
    <subfield code="c">2023.</subfield>
  </datafield>
  <datafield tag="300" ind1=" " ind2=" ">
    <subfield code="a">376 p. ;</subfield>
    <subfield code="c">23 cm.</subfield>
  </datafield>
  <datafield tag="520" ind1="3" ind2=" ">
    <subfield code="a">&#xBF;Qu&#xE9; significa que el &#xFA;nico amor verdadero sea el amor imposible? &#xBF;Es el amor lo que suponemos que es? O antes que eso, &#xBF;es lo imposible aquello definido como lo inalcanzable, lo inconsumable, lo inenarrable? &#xBF;Y si fueran las preguntas lo que hay que cambiar porque es en la imposibilidad del encuentro amoroso donde radica su verdad? Este libro es una propuesta de deconstrucci&#xF3;n radical sobre uno de los eventos m&#xE1;s radicales de nuestra existencia. Ocho tesis que tienen el arrojo de devenir en una serie de desvelos, nuevas intuiciones, destellos que nos inviten a temblar. Es la puesta en p&#xE1;gina de una pr&#xE1;ctica pol&#xED;tica concreta, que increpa a ese amor comercial, rom&#xE1;ntico, que se nos vende como dominante, como &#xFA;nico y normativo. Es ir a martillazos contra esa arquitectura sentimental sostenida por el sentido com&#xFA;n, por definiciones y naturalezas forzadas. Y entonces, s&#xED;: categor&#xED;as cristalizadas como la pareja, la familia, la media naranja y el primer amor, entre otras, son puestas en evidencia, caen bajo su propio peso: se rompen. El amor es imposible conduce al insomnio, y de ah&#xED; a una revoluci&#xF3;n &#xED;ntima y perturbadora comandada por el deseo genuino de la intranquilidad: no queremos estar en donde estamos. Un trabajo de a&#xF1;os, de lecturas y de di&#xE1;logos en el que Dar&#xED;o Sztajnszrajber pone una vez m&#xE1;s, al alcance de quienes est&#xE9;n dispuestos a jugar el juego, las herramientas de la filosof&#xED;a para desandar lo andado, rebelarse y exigir siempre, aunque suene a destiempo y desubicado, animarse a lo imposible.</subfield>
    <subfield code="c">(Descripci&#xF3;n del editor).</subfield>
  </datafield>
  <datafield tag="650" ind1=" " ind2="7">
    <subfield code="a">Filosof&#xED;a</subfield>
    <subfield code="2">spines</subfield>
  </datafield>
  <datafield tag="650" ind1=" " ind2="7">
    <subfield code="a">Afecto</subfield>
    <subfield code="2">spines</subfield>
  </datafield>
  <datafield tag="751" ind1=" " ind2=" ">
    <subfield code="a">Buenos Aires</subfield>
    <subfield code="e">lugar de publicaci&#xF3;n</subfield>
    <subfield code="4">pup</subfield>
  </datafield>
  <datafield tag="929" ind1=" " ind2=" ">
    <subfield code="a">COMPRA</subfield>
    <subfield code="b">C&#xFA;spide Libros S. A.</subfield>
    <subfield code="c">EXp. 827-2000/2023</subfield>
    <subfield code="d">11610</subfield>
    <subfield code="e">20231213</subfield>
    <subfield code="f">PAT0081049</subfield>
    <subfield code="h">1</subfield>
    <subfield code="j">62361</subfield>
  </datafield>
  <datafield tag="929" ind1=" " ind2=" ">
    <subfield code="a">COMPRA</subfield>
    <subfield code="b">C&#xFA;spide Libros S. A.</subfield>
    <subfield code="c">EXp. 827-2000/2023</subfield>
    <subfield code="d">11610</subfield>
    <subfield code="e">20231213</subfield>
    <subfield code="f">PAT0081050</subfield>
    <subfield code="h">2</subfield>
    <subfield code="j">62361</subfield>
  </datafield>
  <datafield tag="942" ind1=" " ind2=" ">
    <subfield code="c">LIB</subfield>
  </datafield>
  <datafield tag="999" ind1=" " ind2=" ">
    <subfield code="c">1025</subfield>
    <subfield code="d">1025</subfield>
  </datafield>
  <datafield tag="952" ind1=" " ind2=" ">
    <subfield code="0">0</subfield>
    <subfield code="1">0</subfield>
    <subfield code="a">BIBESET</subfield>
    <subfield code="b">BIBESET</subfield>
    <subfield code="c">sala</subfield>
    <subfield code="d">2024-06-24</subfield>
    <subfield code="o">177.7 SZT</subfield>
    <subfield code="p">62361</subfield>
    <subfield code="r">2024-06-24</subfield>
    <subfield code="t">1</subfield>
    <subfield code="y">LIB</subfield>
  </datafield>
  <datafield tag="952" ind1=" " ind2=" ">
    <subfield code="0">0</subfield>
    <subfield code="1">0</subfield>
    <subfield code="a">BIBESET</subfield>
    <subfield code="b">BIBESET</subfield>
    <subfield code="c">circulacion</subfield>
    <subfield code="d">2024-06-24</subfield>
    <subfield code="o">177.7 SZT</subfield>
    <subfield code="p">62362</subfield>
    <subfield code="r">2024-06-24</subfield>
    <subfield code="t">2</subfield>
    <subfield code="y">LIB</subfield>
  </datafield>
</record>
